000 00846nam a2200229Ia 4500
003 GCL
008 140319s9999 xx 000 0 ara d
040 _aGCL /
_cGCL
082 0 4 _a327.536
_bم ن
100 1 _aمحمد السعيد ادريس
245 1 0 _aالنظام الاقليمى للخليج العربى /
_cمحمد السعيد ادريس
250 _aالاولى
260 _aبيروت :
_bمركز دراسات الوحدة العربية ،
_c2000
300 _a634 ص ؛
_c24 سم
490 _aسلسلة اطروحات الدكتوراة
_v34
650 0 4 _aالسياسة الدولية
650 0 4 _aالعلاقات الخارجية
650 0 4 _aالخليج العربى
650 0 4 _aالنظم السياسية
650 0 4 _aالخليج العربى - العلاقات الخارجية
942 _2ddc
_cBK
999 _c10044
_d10044